[Event "SF Olfen 1 - SC Steinfurt 1"]
[Site "Regionalliga 2016/2017"]
[Date "2017.04.08"]
[Round "8.1"]
[White "Haselhorst, Helmut"]
[Black "Koke, Christoph"]
[Result "0-1"]
[WhiteElo "1983"]
[BlackElo "2073"]
[PlyCount "138"]
[EventDate "2017.??.??"]
[SourceDate "2016.10.07"]

1. c4 c6 2. d4 d5 3. Nf3 Nf6 4. Nc3 dxc4 5. a4 Bf5 6. e3 Nbd7 7. Bxc4 e6 8. O-O
Qc7 9. Qe2 Bb4 10. e4 Bg6 11. e5 Nd5 12. Bd2 Qa5 13. Rfc1 N7b6 14. Bd3 Bh5 15.
Rc2 Rd8 16. Ne4 Bxd2 17. Rxd2 Nf4 18. Qe3 Nbd5 19. Qe1 Bxf3 20. gxf3 Nxd3 21.
Rxd3 Qxe1+ 22. Rxe1 Nb4 23. Rd2 a5 24. Nd6+ Rxd6 25. exd6 Kd7 26. f4 g6 27. Kg2
Kxd6 28. Kf3 Ra8 29. Kg4 Nd5 30. Rd3 Ne7 31. Rb3 Kc7 32. Kg5 Ng8 33. Rh3 h5 34.
Rc3 Rd8 35. Rc4 Rd5+ 36. Kh4 Rf5 37. Kg3 b5 38. axb5 Rxb5 39. Re5 Rxb2 40. Rxa5
Ne7 41. Rac5 Kd7 42. Kf3 Kd6 43. Ra5 Rb3+ 44. Kg2 Rd3 45. Ra7 f6 46. Ra6 Kd5
47. Rb4 Rxd4 48. Rb7 Nf5 49. Kf3 Rd3+ 50. Ke2 Rc3 51. Rf7 Nd4+ 52. Ke1 f5 53.
Rf6 Ke4 54. Rxg6 Kxf4 55. Ra4 e5 56. Rg3 Rc1+ 57. Kd2 Rc2+ 58. Ke1 c5 59. Rh3
Rc1+ 60. Kd2 Rf1 61. Rxh5 Rxf2+ 62. Kd3 e4+ 63. Kc4 Rc2+ 64. Kd5 e3 65. Rh8 e2
66. Re8 Kf3 67. Ra3+ Kf2 68. Rae3 Nf3 69. h4 Nxh4 0-1

[Event "SF Olfen 1 - SC Steinfurt 1"]
[Site "Regionalliga 2016/2017"]
[Date "2017.04.08"]
[Round "8.2"]
[White "Bösel, Alexander"]
[Black "Engels, Natia"]
[Result "1-0"]
[WhiteElo "1923"]
[BlackElo "2042"]
[PlyCount "101"]
[EventDate "2017.??.??"]
[SourceDate "2016.10.07"]

1. e4 c5 2. Nf3 d6 3. Bb5+ Bd7 4. Bxd7+ Qxd7 5. O-O Nc6 6. c4 Nf6 7. d3 g6 8.
b3 Bg7 9. Bb2 O-O 10. Nbd2 e5 11. Nb1 Nh5 12. Nc3 f5 13. Nd5 Nf6 14. a3 f4 15.
b4 b6 16. b5 Nd4 17. Bxd4 cxd4 18. Nb4 h6 19. a4 g5 20. Ra2 g4 21. Nh4 f3 22.
Nf5 fxg2 23. Kxg2 Qf7 24. Kh1 Qh5 25. f3 Qh3 26. Rg2 Nh5 27. fxg4 Rxf5 28. gxf5
Kf7 29. Qg4 Qxg4 30. Rxg4 Nf4 31. Rfg1 Bf8 32. Nd5 Nxd3 33. R1g2 Ne1 34. Rg1
Nf3 35. R1g3 Nd2 36. Kg1 Rc8 37. Rg2 h5 38. Rg8 Rxc4 39. Rxf8+ Kxf8 40. Rxd2
Rxa4 41. Kf2 Rc4 42. Rd3 Rc2+ 43. Kg3 Re2 44. Kh4 Rxh2+ 45. Kg5 Rg2+ 46. Kf6 h4
47. Ra3 Rg7 48. Ke6 Rh7 49. f6 h3 50. Ne7 h2 51. Rxa7 1-0

[Event "SF Olfen 1 - SC Steinfurt 1"]
[Site "Regionalliga 2016/2017"]
[Date "2017.04.08"]
[Round "8.3"]
[White "Grälken, Matthias"]
[Black "Beutelhoff, Josef"]
[Result "1-0"]
[WhiteElo "2021"]
[BlackElo "1982"]
[PlyCount "99"]
[EventDate "2017.??.??"]
[SourceDate "2016.10.07"]

1. d4 Nf6 2. Bg5 d5 3. Bxf6 exf6 4. e3 c6 5. Ne2 Bd6 6. g3 O-O 7. Bg2 f5 8. O-O
Nd7 9. b3 Nf6 10. c4 Be6 11. Qd3 g6 12. Nbc3 a6 13. c5 Bc7 14. b4 Qe7 15. Rfc1
Ne4 16. a4 b6 17. cxb6 Bxb6 18. Rab1 Rfb8 19. Qd1 Qd7 20. Nf4 Bc7 21. Nd3 Bd6
22. a5 Nxc3 23. Rxc3 Qe8 24. Bf1 Bc8 25. Qc2 Bb7 26. Nc5 Bc8 27. Rcb3 Ra7 28.
Bd3 Qe7 29. Qe2 Rba8 30. Na4 Rb8 31. Nc5 Rba8 32. Rc3 Qc7 33. Qd2 Rb8 34. Rcb3
h5 35. Bf1 h4 36. Na4 hxg3 37. hxg3 Kg7 38. Kg2 Qe7 39. Nc5 Qc7 40. Bd3 Qe7 41.
Qe2 Rba8 42. Rh1 Rb8 43. Rbb1 Rba8 44. Rh4 Qc7 45. Rbh1 Rb8 46. Qd2 Be7 47. Rh8
Bb7 48. R1h7+ Kf6 49. Rxb8 Qxb8 50. Nd7+ 1-0

[Event "SF Olfen 1 - SC Steinfurt 1"]
[Site "Regionalliga 2016/2017"]
[Date "2017.04.08"]
[Round "8.4"]
[White "Grawunder, Jürgen"]
[Black "Freitag, Julia"]
[Result "1/2-1/2"]
[WhiteElo "1954"]
[BlackElo "2076"]
[PlyCount "76"]
[EventDate "2017.??.??"]
[SourceDate "2016.10.07"]

1. e4 e6 2. d3 d5 3. Nd2 Nf6 4. c3 c5 5. Ngf3 Nc6 6. Be2 b6 7. O-O Bb7 8. Ne1
Qc7 9. f4 O-O-O 10. Qc2 Be7 11. Ndf3 h6 12. Ne5 Rdf8 13. Nxc6 Bxc6 14. e5 Nd7
15. d4 f5 16. Be3 g5 17. Qd2 Rfg8 18. b4 c4 19. a4 Nf8 20. a5 b5 21. g3 Ng6 22.
Ng2 gxf4 23. Nxf4 Nxf4 24. Bxf4 h5 25. Kf2 h4 26. Rg1 hxg3+ 27. hxg3 Rh2+ 28.
Rg2 Rgh8 29. Rag1 Qd8 30. Rxh2 Rxh2+ 31. Rg2 Rh1 32. Bf3 Be8 33. Ke3 Bg5 34.
Rh2 Bxf4+ 35. gxf4 Rxh2 36. Qxh2 Qe7 37. Qh8 Qf7 38. Kf2 Kd7 1/2-1/2

[Event "SF Olfen 1 - SC Steinfurt 1"]
[Site "Regionalliga 2016/2017"]
[Date "2017.04.08"]
[Round "8.5"]
[White "Wild, Helmut"]
[Black "Engelkamp, Stephan"]
[Result "1-0"]
[WhiteElo "1922"]
[BlackElo "1916"]
[PlyCount "109"]
[EventDate "2017.??.??"]
[SourceDate "2016.10.07"]

1. c4 c5 2. Nf3 Nc6 3. d4 cxd4 4. Nxd4 g6 5. e4 Bg7 6. Be3 Nf6 7. Nc3 d6 8. Be2
O-O 9. Rc1 a6 10. O-O Bd7 11. Qd2 Re8 12. f3 Rc8 13. Rfd1 Qa5 14. Nb3 Qh5 15.
h3 Bxh3 16. gxh3 Qxh3 17. Nd4 Ne5 18. Nd5 Nh5 19. Nf4 Qg3+ 20. Kf1 Bf6 21. Nxh5
Qh3+ 22. Kg1 Qxh5 23. f4 Ng4 24. Bxg4 Qxg4+ 25. Qg2 Qh5 26. Nf3 Bxb2 27. Rc2
Bg7 28. Rd5 Qh6 29. Qg3 Bf8 30. Rh2 Qg7 31. Bd4 f6 32. Ng5 e6 33. Rxh7 exd5 34.
Qh3 fxg5 35. Rh8+ Kf7 36. Bxg7 Bxg7 37. Qd7+ Re7 38. Qxc8 Bxh8 39. Qxh8 gxf4
40. exd5 g5 41. Kf2 Kg6 42. Qb8 Re3 43. Qxd6+ Kf5 44. Qd7+ Ke4 45. d6 Rf3+ 46.
Kg2 Rg3+ 47. Kh2 g4 48. Qxb7+ Ke3 49. Qb3+ Kf2 50. Qc2+ Ke3 51. Qc1+ Ke4 52.
Qe1+ Re3 53. Qxe3+ fxe3 54. d7 Kf3 55. d8=Q 1-0

[Event "SF Olfen 1 - SC Steinfurt 1"]
[Site "Regionalliga 2016/2017"]
[Date "2017.04.08"]
[Round "8.6"]
[White "Pinno, Gregor"]
[Black "Arning, Marcus"]
[Result "1/2-1/2"]
[WhiteElo "1784"]
[BlackElo "1839"]
[PlyCount "100"]
[EventDate "2017.??.??"]
[SourceDate "2016.10.07"]

1. Nf3 Nf6 2. g3 d5 3. Bg2 c5 4. O-O Nc6 5. d3 Bg4 6. Nbd2 e6 7. Re1 Be7 8. h3
Bh5 9. e4 Qc7 10. g4 Bg6 11. e5 Nd7 12. Qe2 h5 13. Nf1 hxg4 14. hxg4 O-O-O 15.
Bf4 Qb6 16. a3 Qxb2 17. Reb1 Nd4 18. Nxd4 Qxd4 19. Bg3 Bh4 20. Re1 Bxg3 21.
Nxg3 Rh4 22. Bf3 Rdh8 23. Rab1 Rh3 24. Qe3 Qxe3 25. Rxe3 Nb6 26. Rb5 c4 27. Be2
cxd3 28. Bxd3 Bxd3 29. cxd3 Kb8 30. Rc5 Nd7 31. Rc2 Rc8 32. Rxc8+ Kxc8 33. d4
g6 34. Kg2 Rh8 35. Rf3 Rf8 36. g5 Nb6 37. Nf1 Kd7 38. Ne3 Kc7 39. Ng4 Nc4 40.
Nh6 b6 41. Rd3 a5 42. Ng4 Rc8 43. Ne3 Kd7 44. Kf3 Kc6 45. Nd1 b5 46. Ke2 Rc7
47. Ne3 Rb7 48. Rc3 Rb8 49. Rc1 a4 50. Nc2 Rh8 1/2-1/2

[Event "SF Olfen 1 - SC Steinfurt 1"]
[Site "Regionalliga 2016/2017"]
[Date "2017.04.08"]
[Round "8.7"]
[White "Janning, Rainer"]
[Black "Limberg, Johannes"]
[Result "1/2-1/2"]
[WhiteElo "1887"]
[BlackElo "1599"]
[PlyCount "40"]
[EventDate "2017.??.??"]
[SourceDate "2016.10.07"]

1. f4 e6 2. Nf3 d5 3. e3 Nf6 4. Be2 c5 5. d3 Nc6 6. O-O Bd6 7. Qe1 O-O 8. d4
Qc7 9. g3 cxd4 10. Nxd4 Nxd4 11. exd4 Qxc2 12. Nc3 Bb4 13. Rf3 Bxc3 14. Rxc3
Qa4 15. Be3 Bd7 16. Ra3 Qc6 17. Rc1 Qd6 18. Bd3 a6 19. Rb3 b5 20. Qa5 Rfc8
1/2-1/2

[Event "SF Olfen 1 - SC Steinfurt 1"]
[Site "Regionalliga 2016/2017"]
[Date "2017.04.08"]
[Round "8.8"]
[White "Heimann, Karsten"]
[Black "Raue, Thorsten"]
[Result "0-1"]
[WhiteElo "1599"]
[BlackElo "1797"]
[PlyCount "84"]
[EventDate "2017.??.??"]
[SourceDate "2016.10.07"]

1. e4 Nc6 2. d4 d5 3. e5 Bf5 4. c3 e6 5. Nf3 Qd7 6. Bb5 a6 7. Ba4 Nge7 8. Ng5
h6 9. Qh5 Ng6 10. Nh3 Be7 11. Nd2 Nh4 12. O-O Bxh3 13. gxh3 g6 14. Qe2 O-O-O
15. b4 Rdf8 16. Nb3 b5 17. Rb1 Nb8 18. Nc5 Bxc5 19. bxc5 bxa4 20. Ba3 Qc6 21.
Rb4 Kd7 22. Rfb1 Ke7 23. Qb2 Nd7 24. Rxa4 Rb8 25. Rb4 Rxb4 26. cxb4 Rb8 27. f4
Qb5 28. c6 Nb6 29. Qc3 Nc4 30. Bc1 Qxc6 31. Qd3 Qb6 32. a4 Nf5 33. Kg2 Qxd4 34.
Qe2 Qe4+ 35. Qxe4 dxe4 36. Kf2 e3+ 37. Ke1 Rd8 38. Rb3 Rd4 39. Ke2 Rxf4 40.
Bxe3 Ncxe3 41. Rxe3 Nxe3 42. Kxe3 Rxb4 0-1

[Event "SC Klein-Berlin Rheine 1 - Schach Nienb"]
[Site "Regionalliga 2016/2017"]
[Date "2017.04.08"]
[Round "8.1"]
[White "Remmeke, Hans"]
[Black "Ottens, Stephan"]
[Result "0-1"]
[WhiteElo "2134"]
[BlackElo "2120"]
[PlyCount "66"]
[EventDate "2017.??.??"]
[SourceDate "2016.10.07"]

1. e4 c5 2. Nf3 d6 3. d4 cxd4 4. Nxd4 Nf6 5. Nc3 a6 6. Nb3 e6 7. g4 b5 8. Bg2
Bb7 9. g5 b4 10. Nd5 exd5 11. gxf6 dxe4 12. Qg4 gxf6 13. Bf4 Qb6 14. O-O-O d5
15. f3 h5 16. Qh3 Qe6 17. fxe4 dxe4 18. Qe3 f5 19. Qd4 f6 20. Na5 Bc8 21. Bxb8
Rxb8 22. Qd8+ Kf7 23. Qc7+ Kg6 24. Qxb8 Qxa2 25. Qg3+ Kh7 26. Qc7+ Kg6 27. c4
bxc3 28. Qxc3 Be6 29. Bf1 Bh6+ 30. Kc2 Rc8 31. Nc6 Qa4+ 32. b3 Qa2+ 33. Qb2
Rxc6+ 0-1

[Event "SC Klein-Berlin Rheine 1 - Schach Nienb"]
[Site "Regionalliga 2016/2017"]
[Date "2017.04.08"]
[Round "8.2"]
[White "Brümmer, Frank"]
[Black "Ringwelski, Marius"]
[Result "1/2-1/2"]
[WhiteElo "2166"]
[BlackElo "1998"]
[PlyCount "76"]
[EventDate "2017.??.??"]
[SourceDate "2016.10.07"]

1. d4 d5 2. Nf3 Nf6 3. c4 e6 4. Nc3 Be7 5. cxd5 exd5 6. Qc2 O-O 7. Bg5 Na6 8.
a3 c6 9. e3 Nc7 10. Bd3 h6 11. Bh4 Re8 12. O-O Ne4 13. Bxe7 Qxe7 14. Bxe4 dxe4
15. Nd2 f5 16. Nc4 Be6 17. Ne5 Bd5 18. f3 Qg5 19. f4 Qf6 20. b4 Qe6 21. Rab1
Bc4 22. Rfe1 a5 23. bxa5 Nb5 24. Nxb5 cxb5 25. Qd2 Qa6 26. Rec1 Qxa5 27. Qxa5
Rxa5 28. Nxc4 bxc4 29. Rxc4 Rxa3 30. Rxb7 Re6 31. Rc5 Rxe3 32. Rxf5 Re2 33.
Rff7 Rg6 34. g3 Kh8 35. f5 Ra6 36. Ra7 Rb6 37. Rab7 Ra6 38. Ra7 Rb6 1/2-1/2

[Event "SC Klein-Berlin Rheine 1 - Schach Nienb"]
[Site "Regionalliga 2016/2017"]
[Date "2017.04.08"]
[Round "8.3"]
[White "Kemper, Georg"]
[Black "Langhanke, Günther"]
[Result "0-1"]
[WhiteElo "1914"]
[BlackElo "1942"]
[PlyCount "84"]
[EventDate "2017.??.??"]
[SourceDate "2016.10.07"]

1. d4 d5 2. c4 e6 3. Nf3 Nf6 4. g3 Be7 5. Bg2 O-O 6. O-O dxc4 7. Qc2 a6 8. Qxc4
b5 9. Qc2 Bb7 10. Bd2 Nc6 11. e4 Nxd4 12. Nxd4 Qxd4 13. Be3 Qd7 14. Nd2 Ng4 15.
Bf4 e5 16. h3 exf4 17. hxg4 fxg3 18. f4 c5 19. Bf3 Qd6 20. e5 Qh6 21. Ne4 c4
22. Nxg3 Qxf4 23. Nf5 Bc5+ 24. Kg2 Bxf3+ 25. Rxf3 Qxe5 26. Rh1 g6 27. Ng3 Rad8
28. Ne4 f6 29. Qe2 Bd4 30. Rfh3 Rde8 31. Re1 f5 32. gxf5 Rxf5 33. Qg4 Ref8 34.
Qh4 Rh5 35. Qg4 Rxh3 36. Kxh3 Qf5 37. Re2 h5 38. Qxf5 gxf5 39. Ng5 Bf6 40. Ne6
Re8 41. Rg2+ Kf7 42. Nf4 Re3+ 0-1

[Event "SC Klein-Berlin Rheine 1 - Schach Nienb"]
[Site "Regionalliga 2016/2017"]
[Date "2017.04.08"]
[Round "8.4"]
[White "Brümmer, Andreas"]
[Black "Gottkehaskamp, Philipp"]
[Result "0-1"]
[WhiteElo "1925"]
[BlackElo "1926"]
[PlyCount "84"]
[EventDate "2017.??.??"]
[SourceDate "2016.10.07"]

1. d4 d5 2. c4 Nc6 3. Nc3 dxc4 4. d5 Ne5 5. Bf4 Ng6 6. Bg3 e5 7. Nf3 Bd6 8. h4
h5 9. e4 a6 10. Qa4+ Bd7 11. Qxc4 b5 12. Qb3 Nf6 13. Ng5 Qe7 14. O-O-O O-O 15.
Bd3 Rfc8 16. Kb1 b4 17. Ne2 a5 18. Bc4 a4 19. Qd3 Rcb8 20. f3 Be8 21. Be1 Nf4
22. Nxf4 exf4 23. Bf2 g6 24. Rhe1 Nd7 25. Bd4 Ne5 26. Qe2 Ra5 27. Rc1 Raa8 28.
Red1 Nxc4 29. Qxc4 Bb5 30. Qc2 b3 31. Qf2 a3 32. axb3 axb2 33. Bxb2 Ba3 34. Qd4
Bxb2 35. Qxb2 Ba4 36. Rc3 Qb4 37. Rdd3 Bb5 38. Rd2 Ra3 39. e5 Rba8 40. Rdc2 Bd3
41. Rxd3 Ra1+ 42. Qxa1 Qe1+ 0-1

[Event "SC Klein-Berlin Rheine 1 - Schach Nienb"]
[Site "Regionalliga 2016/2017"]
[Date "2017.04.08"]
[Round "8.5"]
[White "Gottkehaskamp, Stefan"]
[Black "Langhans, Jörg"]
[Result "1/2-1/2"]
[WhiteElo "1974"]
[BlackElo "1907"]
[PlyCount "67"]
[EventDate "2017.??.??"]
[SourceDate "2016.10.07"]

1. d4 d5 2. Bf4 Nf6 3. e3 c6 4. Bd3 e6 5. Nf3 Nbd7 6. Nbd2 Be7 7. Ne5 Nf8 8.
O-O Ng6 9. Bg3 O-O 10. c4 Nd7 11. Ndf3 Ndxe5 12. Nxe5 Nxe5 13. Bxe5 Bd6 14.
Bxd6 Qxd6 15. c5 Qe7 16. f4 f6 17. b4 Bd7 18. Rb1 a6 19. a4 e5 20. Re1 Rfe8 21.
Qh5 g6 22. Qh4 e4 23. Bc2 f5 24. Qg3 Kf7 25. Rb2 Ra7 26. Reb1 Rea8 27. h4 h5
28. Qe1 Qd8 29. g3 Be6 30. Qd1 b5 31. cxb6 Qxb6 32. Qe2 Rb8 33. Kf2 Rab7 34. a5
1/2-1/2

[Event "SC Klein-Berlin Rheine 1 - Schach Nienb"]
[Site "Regionalliga 2016/2017"]
[Date "2017.04.08"]
[Round "8.6"]
[White "Averkamp-Peters, Jens"]
[Black "Althoff, Franz"]
[Result "1/2-1/2"]
[WhiteElo "1908"]
[BlackElo "2011"]
[PlyCount "49"]
[EventDate "2017.??.??"]
[SourceDate "2016.10.07"]

1. e4 c5 2. d4 cxd4 3. Nf3 d6 4. c3 d3 5. Bxd3 Nf6 6. O-O e6 7. Bg5 Be7 8. Nbd2
h6 9. Bh4 O-O 10. Re1 Nc6 11. Bc2 Qc7 12. Qe2 Bd7 13. Rad1 g6 14. e5 dxe5 15.
Bxf6 Bxf6 16. Ne4 Be7 17. Ng3 Rad8 18. Nxe5 Nxe5 19. Qxe5 Qxe5 20. Rxe5 Bc6 21.
Ree1 Bd5 22. b3 b5 23. Be4 Bf6 24. Bxd5 exd5 25. Ne2 1/2-1/2

[Event "SC Klein-Berlin Rheine 1 - Schach Nienb"]
[Site "Regionalliga 2016/2017"]
[Date "2017.04.08"]
[Round "8.8"]
[White "Ratert, Matthias"]
[Black "Scharlow, Siegmar"]
[Result "1-0"]
[WhiteElo "1864"]
[BlackElo "1719"]
[PlyCount "85"]
[EventDate "2017.??.??"]
[SourceDate "2016.10.07"]

1. e4 c5 2. c3 Nf6 3. e5 Nd5 4. Nf3 Nc6 5. Bc4 Nb6 6. Bb3 c4 7. Bc2 d6 8. exd6
Qxd6 9. d4 Bg4 10. O-O g6 11. Nbd2 Bg7 12. h3 Bxf3 13. Qxf3 O-O 14. Ne4 Qd5 15.
Rd1 Nd7 16. Qg3 Rac8 17. Ng5 Nf6 18. Bf4 Nh5 19. Qh4 Nf6 20. Nf3 b5 21. Ne5 Nd7
22. Nxc6 Rxc6 23. Qxe7 Re6 24. Qg5 Qxg5 25. Bxg5 Re2 26. Rd2 Rfe8 27. Kf1 R2e6
28. a4 bxa4 29. Bxa4 Ra6 30. Rdd1 f6 31. Bf4 Re7 32. Bb5 Rxa1 33. Bxc4+ Kf8 34.
Rxa1 Nb6 35. Bb3 Rb7 36. Bd6+ Ke8 37. Bb4 Bh6 38. Ba4+ Kd8 39. Bc6 Rc7 40. d5
Bf4 41. Re1 Rf7 42. d6 Nd7 43. Ba5+ 1-0

[Event "SG Turm Raesfeld/Erle 1 - SK Bocholt 1"]
[Site "Regionalliga 2016/2017"]
[Date "2017.04.08"]
[Round "8.1"]
[White "Fuest, Martin"]
[Black "Wilger, Frank"]
[Result "1/2-1/2"]
[WhiteElo "2156"]
[BlackElo "2063"]
[PlyCount "32"]
[EventDate "2017.??.??"]
[SourceDate "2016.10.07"]

1. Nf3 c5 2. b3 Nf6 3. Bb2 e6 4. g3 b6 5. Bg2 Bb7 6. O-O d5 7. d4 Be7 8. Nbd2
O-O 9. e3 Nbd7 10. Ne5 cxd4 11. exd4 Qc7 12. f4 Rac8 13. Rc1 b5 14. c3 Qa5 15.
a3 Rfd8 16. Qe2 Qb6 1/2-1/2

[Event "SG Turm Raesfeld/Erle 1 - SK Bocholt 1"]
[Site "Regionalliga 2016/2017"]
[Date "2017.04.08"]
[Round "8.2"]
[White "Brömmel, Rudolf"]
[Black "Steiner, Karl"]
[Result "1-0"]
[WhiteElo "1929"]
[BlackElo "1941"]
[PlyCount "35"]
[EventDate "2017.??.??"]
[SourceDate "2016.10.07"]

1. c4 e6 2. b3 f5 3. Bb2 Nf6 4. g3 c6 5. Bg2 d5 6. cxd5 exd5 7. Nf3 Bd6 8. Qc2
O-O 9. O-O f4 10. Ng5 g6 11. e3 Bf5 12. e4 dxe4 13. Qc4+ Nd5 14. Nxe4 Be7 15.
Nec3 Be6 16. Re1 Bf7 17. Nxd5 cxd5 18. Qd4 1-0

[Event "SG Turm Raesfeld/Erle 1 - SK Bocholt 1"]
[Site "Regionalliga 2016/2017"]
[Date "2017.04.08"]
[Round "8.4"]
[White "Borutta, Niklas"]
[Black "Gajic, Goran"]
[Result "0-1"]
[WhiteElo "2047"]
[BlackElo "1953"]
[PlyCount "122"]
[EventDate "2017.??.??"]
[SourceDate "2016.10.07"]

1. d4 Nf6 2. Nf3 e6 3. c4 c5 4. d5 exd5 5. cxd5 d6 6. Nc3 Be7 7. e4 a6 8. a4
Bg4 9. Be2 Nbd7 10. Nd2 Bxe2 11. Qxe2 Rb8 12. O-O O-O 13. a5 Ne8 14. f4 Qc7 15.
Nc4 Bf6 16. Re1 Bd4+ 17. Kh1 Nef6 18. Bd2 Rfe8 19. Qf3 b5 20. axb6 Nxb6 21. Na5
Nbd7 22. Ra2 Rb6 23. Nc6 Qb7 24. Na5 Qc7 25. Na4 Rb5 26. Nc6 Qb7 27. b4 Nb6 28.
bxc5 dxc5 29. Nxb6 Qxb6 30. Nxd4 cxd4 31. Ra3 Rb1 32. e5 Rxe1+ 33. Bxe1 Qb1 34.
Qe2 Nxd5 35. g3 Ne3 36. Ra2 Rc8 37. Rb2 Qe4+ 38. Kg1 d3 39. Rb4 dxe2 40. Rxe4
Rc1 41. Rxe3 Rxe1+ 42. Kg2 a5 43. h4 a4 44. Kf2 Rb1 45. Kxe2 Kf8 46. Rc3 Rb7
47. Ke3 Ke7 48. f5 Rb3 49. Rxb3 axb3 50. Kd3 Kd7 51. h5 Kc6 52. g4 Kd5 53. e6
fxe6 54. h6 gxh6 55. f6 Kd6 56. Kc3 e5 57. Kxb3 Ke6 58. Kc4 Kxf6 59. Kd5 Kg5
60. Kxe5 Kxg4 61. Ke4 Kg3 0-1

[Event "SG Turm Raesfeld/Erle 1 - SK Bocholt 1"]
[Site "Regionalliga 2016/2017"]
[Date "2017.04.08"]
[Round "8.5"]
[White "Naumann, Felix"]
[Black "Pliete, Christian"]
[Result "1/2-1/2"]
[WhiteElo "1799"]
[BlackElo "1847"]
[PlyCount "41"]
[EventDate "2017.??.??"]
[SourceDate "2016.10.07"]

1. d4 Nf6 2. Nf3 c5 3. Nc3 cxd4 4. Nxd4 g6 5. e4 d6 6. f3 Bg7 7. Be3 O-O 8. Qd2
Nc6 9. O-O-O a6 10. g4 Qa5 11. h4 Nxd4 12. Bxd4 Be6 13. Kb1 Nd7 14. Bxg7 Kxg7
15. h5 g5 16. Nd5 Qxd2 17. Rxd2 Bxd5 18. Rxd5 h6 19. Be2 Rac8 20. Rhd1 Rc7 21.
c3 1/2-1/2

[Event "SG Turm Raesfeld/Erle 1 - SK Bocholt 1"]
[Site "Regionalliga 2016/2017"]
[Date "2017.04.08"]
[Round "8.6"]
[White "Suer, Julian"]
[Black "Hunhoff, Andreas"]
[Result "1/2-1/2"]
[WhiteElo "1730"]
[BlackElo "1839"]
[PlyCount "37"]
[EventDate "2017.??.??"]
[SourceDate "2016.10.07"]

1. e4 c5 2. d4 cxd4 3. c3 e6 4. cxd4 Nf6 5. e5 Nd5 6. Nf3 Nc6 7. Nbd2 d6 8. Nc4
b5 9. Ne3 dxe5 10. Nxe5 Nxe5 11. dxe5 Bb4+ 12. Bd2 Nxe3 13. fxe3 Qxd2+ 14. Qxd2
Bxd2+ 15. Kxd2 O-O 16. Be2 Bb7 17. Bf3 Rfd8+ 18. Ke2 Bxf3+ 19. gxf3 1/2-1/2

[Event "SG Turm Raesfeld/Erle 1 - SK Bocholt 1"]
[Site "Regionalliga 2016/2017"]
[Date "2017.04.08"]
[Round "8.8"]
[White "Grömping, Manfred"]
[Black "Wüstnienhaus, Andreas"]
[Result "1/2-1/2"]
[WhiteElo "1455"]
[BlackElo "1888"]
[PlyCount "23"]
[EventDate "2017.??.??"]
[SourceDate "2016.10.07"]

1. b4 c6 2. c4 e5 3. Bb2 Bd6 4. e3 Nf6 5. a3 Bc7 6. g3 O-O 7. Bg2 d5 8. Qc2 Be6
9. d3 Bf5 10. e4 Bg6 11. Ne2 a5 12. O-O 1/2-1/2

[Event "SC Gronau 1 - Südlohner SV 1"]
[Site "Regionalliga 2016/2017"]
[Date "2017.04.08"]
[Round "8.1"]
[White "Kolakovic, Klaudio"]
[Black "Monsma, Menno"]
[Result "1/2-1/2"]
[WhiteElo "2037"]
[BlackElo "2033"]
[PlyCount "82"]
[EventDate "2017.??.??"]
[SourceDate "2016.10.07"]

1. e4 e6 2. d4 d5 3. Nc3 Bb4 4. e5 c5 5. a3 Bxc3+ 6. bxc3 Qa5 7. Bd2 Qa4 8. Qb1
c4 9. f4 Nc6 10. Nf3 Nge7 11. Be2 Bd7 12. O-O O-O-O 13. Ng5 Rdf8 14. Bh5 Be8
15. Bg4 Bd7 16. Bh5 Be8 17. Bg4 Bd7 18. Bh3 h6 19. Nf3 Kb8 20. Ra2 b6 21. Qe1
Bc8 22. Qg3 g6 23. Qe1 Rfg8 24. Qc1 Bd7 25. Kh1 Be8 26. g4 h5 27. gxh5 Rxh5 28.
Bg4 Rhh8 29. Be1 Nf5 30. Bxf5 exf5 31. Bh4 Bd7 32. Bf6 Rh6 33. Ng5 Be6 34. Rf3
Re8 35. Rh3 Rxh3 36. Nxh3 Kc8 37. Ng5 Qa5 38. Qb2 Nxd4 39. cxd4 Qe1+ 40. Kg2
Qe2+ 41. Kg3 Qe1+ 1/2-1/2

[Event "SC Gronau 1 - Südlohner SV 1"]
[Site "Regionalliga 2016/2017"]
[Date "2017.04.08"]
[Round "8.2"]
[White "Lütkehermölle, Martin"]
[Black "Völker, Christian"]
[Result "1/2-1/2"]
[WhiteElo "1973"]
[BlackElo "2004"]
[PlyCount "70"]
[EventDate "2017.??.??"]
[SourceDate "2016.10.07"]

1. e4 c5 2. c3 Nf6 3. e5 Nd5 4. d4 cxd4 5. Nf3 e6 6. cxd4 b6 7. Nc3 Nxc3 8.
bxc3 Qc7 9. Bd2 Bb7 10. Bd3 d6 11. O-O Nd7 12. Re1 Rc8 13. exd6 Bxd6 14. h3 Bf4
15. Be4 Bxe4 16. Rxe4 Bxd2 17. Nxd2 Qxc3 18. d5 Nc5 19. dxe6 Nxe6 20. Qa4+ Qc6
21. Qa3 Qc5 22. Qxa7 O-O 23. Nb3 Qd6 24. Qa6 Rc3 25. Qe2 Rd8 26. Re3 Rcc8 27.
Re1 h6 28. Qb2 Rc7 29. R3e2 Qf4 30. Qe5 Qxe5 31. Rxe5 Rc2 32. R1e2 Rd1+ 33. Kh2
Rxe2 34. Rxe2 Kf8 35. Kg3 g5 1/2-1/2

[Event "SC Gronau 1 - Südlohner SV 1"]
[Site "Regionalliga 2016/2017"]
[Date "2017.04.08"]
[Round "8.3"]
[White "Dönnebrink, Elmar"]
[Black "Langendijk, Andre"]
[Result "1/2-1/2"]
[WhiteElo "2040"]
[BlackElo "1939"]
[PlyCount "93"]
[EventDate "2017.??.??"]
[SourceDate "2016.10.07"]

1. e4 c5 2. Nf3 e6 3. d4 cxd4 4. Nxd4 Nf6 5. Nc3 Bb4 6. e5 Nd5 7. Bd2 Nxc3 8.
bxc3 Be7 9. Qg4 O-O 10. Bh6 g6 11. Bxf8 Bxf8 12. Qg3 Qa5 13. Be2 Bg7 14. f4 d6
15. Nb3 Qc7 16. exd6 Qxc3+ 17. Qxc3 Bxc3+ 18. Kf2 Bxa1 19. Rxa1 Bd7 20. Na5 Nc6
21. Nxb7 Nd4 22. Nc5 Rd8 23. c3 Nxe2 24. Kxe2 Bb5+ 25. Ke3 Rxd6 26. Rb1 Bc4 27.
a4 Rd5 28. Rb8+ Kg7 29. Rc8 Rh5 30. h3 g5 31. fxg5 Rxg5 32. Ne4 Ba6 33. Rc7
Rxg2 34. Rxa7 Bf1 35. Nd6 Re2+ 36. Kf3 Re5 37. Rxf7+ Kg6 38. Kg3 Re3+ 39. Kf2
Rd3 40. Kxf1 Rxd6 41. Rc7 Rd2 42. a5 Ra2 43. Rc5 Kf6 44. c4 e5 45. Rc6+ Kf5 46.
a6 Kf4 47. Rb6 1/2-1/2

[Event "SC Gronau 1 - Südlohner SV 1"]
[Site "Regionalliga 2016/2017"]
[Date "2017.04.08"]
[Round "8.4"]
[White "Reinhold, Klaus"]
[Black "Darwisch, Khaled"]
[Result "0-1"]
[WhiteElo "1894"]
[BlackElo "2053"]
[PlyCount "64"]
[EventDate "2017.??.??"]
[SourceDate "2016.10.07"]

1. d4 d6 2. c4 g6 3. Nc3 Bg7 4. e4 Nc6 5. Be3 e5 6. Nge2 Nge7 7. d5 Nb8 8. Nc1
f5 9. f3 O-O 10. Nd3 Nd7 11. c5 Nf6 12. Be2 h6 13. b4 g5 14. Nb2 Ng6 15. Qc2
fxe4 16. fxe4 Nh4 17. Rg1 Ng4 18. Bxg4 Bxg4 19. Bf2 Qf6 20. Nbd1 Bh5 21. Rb1
Rf7 22. Bg3 Raf8 23. Ne3 dxc5 24. bxc5 Qa6 25. Bxh4 gxh4 26. Nf5 Qc4 27. g4
hxg3 28. Rxg3 Rxf5 29. exf5 e4 30. Qg2 Kh8 31. Rxg7 Qxc3+ 32. Qd2 Qxg7 0-1

[Event "SC Gronau 1 - Südlohner SV 1"]
[Site "Regionalliga 2016/2017"]
[Date "2017.04.08"]
[Round "8.5"]
[White "Telöken, Daniel"]
[Black "Hoge, Torsten"]
[Result "1/2-1/2"]
[WhiteElo "1899"]
[BlackElo "1899"]
[PlyCount "61"]
[EventDate "2017.??.??"]
[SourceDate "2016.10.07"]

1. d4 e6 2. Nf3 Nf6 3. e3 b6 4. Bd3 Bb7 5. O-O Be7 6. Nbd2 c5 7. b3 Qc7 8. Qe2
d6 9. Bb2 Nbd7 10. Rac1 O-O 11. c4 Rac8 12. Bb1 Rfd8 13. Ne1 Qb8 14. f4 d5 15.
Nd3 Ne4 16. Nxe4 dxe4 17. Ne5 f5 18. g4 Nxe5 19. fxe5 Rf8 20. gxf5 cxd4 21. f6
gxf6 22. Qg4+ Kh8 23. Qxe6 Qxe5 24. Qxe5 fxe5 25. exd4 Rg8+ 26. Kh1 Ba3 27.
Bxa3 exd4 28. Rf7 Ba8 29. h4 Rg4 30. Be7 d3 31. Bg5 1/2-1/2